Өмнөд хятадын гуаньжөү дэх хө шянгу домгийн "IP" бүтээх дизайны судалгаа (Бичлэгийн дугаар. 1145050)
[ энгийн харах ]
| 000 -Удирдлага | |
|---|---|
| Ном зүйн бүртгэл тоо буюу кодлох утгыг агуулсан | 01666nam a22002897a 4500 |
| 003 - ХЯНАЛТЫН ТОО ТОДОРХОЙЛОГЧ | |
| Код | MN-UlNLM |
| 005 - ХАМГИЙН СҮҮЛИЙН ҮЕИЙН ХЭЛЦЛИЙН ОГНОО БА ЦАГ | |
| Тухайн бичилтийг бичсэн засварласан сүүлийн огноо. | 20241001085609.0 |
| 008 - ЕРӨНХИЙ МЭДЭЭЛЭЛ-ЭЛЕМЕНТҮҮДИЙН ӨГӨГДЛИЙН УРТ | |
| fixed length control field | 240826s2024 mp ||||| |||| 00| 0 mon d |
| 040 ## - ЭХ СУРВАЛЖИЙГ ТОДОРХОЙЛОН БИЧИХ | |
| Каталогийн хэл | Монгол |
| 041 ## - ХЭЛНИЙ КОД | |
| Текстийн хэлний код/фонограм буюу салангид гарчиг | Монгол |
| 072 ## - БҮЛЭГ СЭДВИЙН КОД | |
| Сэдэв ангиллын кодын | F02180101 |
| Сэдэв ангиллын кодын тасаг | Урлаг судлал |
| 080 ## - ТҮГЭЭМЭЛ АРАВТЫН АНГИЛЛЫН ДУГААР | |
| Ангиллын нэр | Аравтын ангилал |
| Анги | 741.6 |
| Зохиогчийн 3 тэмдэгт | Т 588 |
| Шинжлэх ухааны мэдлэгийн салбар | Урлаг - 85 |
| 084 ## - БУСАД АНГИЛЛЫН ДУГААР | |
| Ангиллын нэр | Аравтын ангилал |
| Анги | 741.6 |
| Зохиогчийн 3-н тэмдэгт | Т 588 |
| Шинжлэх ухааны мэдлэгийн салбар | Урлаг - 85 |
| 100 1# - ЗОХИОГЧИЙН ХЭСЭГ | |
| Зохиогчийн нэр | Төн Жэнжэн (Teng Zhenzhen) |
| 110 ## - ДЭЭД ГАРЧГИЙН МЭДЭЭ | |
| Эрхлэн гаргасан байгууллагын нэр | БШУЯ, Сити их сургууль |
| 245 0# - ҮНДСЭН ГАРЧИГ | |
| Гарчиг | Өмнөд хятадын гуаньжөү дэх хө шянгу домгийн "IP" бүтээх дизайны судалгаа |
| Оролцогчдын тухай мэдээ | Удирд. д-р (Ph.D),проф. Ж.Долгорсүрэн, д-р (Ph.D),проф. Ж.Сайхан |
| 260 0# - ГАРАЛТЫН ТУХАЙ МЭДЭЭ | |
| Хэвлэгдсэн газар | УБ |
| Хэвлэгдсэн он | 2024 |
| 300 ## - ТООНЫ МЭДЭЭ | |
| Хуудасны тоо | 139х |
| Дагалдах материал | CD |
| 502 ## - ДИССЕРТАЦИЙН ТУХАЙ МЭДЭЭ | |
| Эрдмийн ямар зэрэг горилсон тухай мэдээнүүд орно | Урлаг судлалын ухааны докторын зэрэг горилсон нэг сэдэвт бүтээл |
| Эрдмийн зэрэг олгож буй байгууллагын нэр | БШУЯ, Сити их сургууль |
| Эрдмийн зэрэг олгосон он | 2024.04.16 |
| 504 ## - НОМЗҮЙН ТУХАЙ МЭДЭЭ | |
| Номзүйн тухай мэдээ | Номзүй: Х.139-183 |
| 505 ## - FORMATTED CONTENTS NOTE | |
| Title | Нэгдүгээр бүлэг. IP дизайны онолын үндэслэл -- |
| -- | Хоёрдугаар бүлэг. Хө Шянгу домгийн IP дүрийн дизайн, IP дериватив бүтээгдэхүүн -- |
| -- | Гуравдугаар бүлэг. IP дизайныг хөгжүүлэх стратеги -- |
| -- | Ерөнхий дүгнэлт -- |
| -- | Ном зүй -- |
| 546 ## - ХЭЛНИЙ ТУХАЙ МЭДЭЭ | |
| Хэл | Монгол |
| 653 ## - ТҮЛХҮҮР ҮГС | |
| Түлхүүр үг | Урлаг |
| -- | График дизайн |
| -- | Хятадын домгийн хүүхэлдэйн киноны дүр |
| -- | Визуал дүрсний дизайн |
| 700 ## - ХАМ ЗОХИОГЧИД | |
| Хам зохиогчид | Ж.Долгорсүрэн |
| -- | Ж.Сайхан |
| 856 ## - ЭЛЕКТРОН БАЙРЛАЛ БА ХОЛБООС | |
| Төрөл | Диссертаци |
| 942 ## - ЭЛЕМЕНТИЙН ТӨРӨЛ | |
| Төрөл | Диссертаци |
| Хамгийн сүүлд байсан огноо | Нийт уншлаганд гарсан тоо | Дансны дугаар | Баркод | Фактур мөрийн дугаар | Төрөл | Хасагдсан шалтгаан | Ангиллын нэр | Гэмтсэн төлөв | Захиалах боломжгүй | Буцаан татагдсан төлөв | Үндсэн номын сан | Одоогийн байршил | Формат | Бүртгэсэн огноо | Үнэ |
|---|---|---|---|---|---|---|---|---|---|---|---|---|---|---|---|
| 2024-08-26 | 14938 | 002310014938 | 240201.00 | Диссертаци | Номын сан номзүйн ангилал | МУҮндэсний Номын сан | МУҮндэсний Номын сан | Монгол судлал /МУҮНС/ төв байр | 2024-09-25 | 10000.00 |